Českomoravská vrchovina jih /

Korporativní autor: Kartografie Praha (firma)
Další autoři: Beneš, Ivan, Guth, Václav, Majer, Alois, 1921-, Pernica, Milan, Buben, J., Filka, M., Uher, Vilém, geodet, Vršťala, Josef, 1928-, Kartografické nakladatelství (Praha, Česko)
Jazyk: Ruština
Němčina
Čeština
Angličtina
Vydáno: Praha : Kartografické nakladatelství, 1970
Vydání: 2. vyd.
Edice: Soubor turistických map 1:100 000 (Kartografické nakladatelství)
Témata:
Fyzický popis: 1 mapa : barev. ; 44 x 52 cm, složeno na 22 x 11 cm
Language note: Legenda česky, anglicky, německy a rusky
Mapy
Uloženo v:
LEADER 02903nem a2200613 a 4500
001 000382848
003 CZ BrMZK
005 20140714145535.0
007 aj canzn
008 980105s1970 xr acg a 0 cze d
015 |a cnb001367620 
034 1 |a a  |b 100000  |d E0145801  |e E0154111  |f N0492227  |g N0485848 
040 |a ABA001  |b cze  |d BOA001 
041 0 |a cze  |a eng  |a ger  |a rus 
043 |a e-xr---  |b e-xr-cc  |2 czenas 
072 7 |a 796  |x Sport. Hry. Tělesná cvičení  |2 Konspekt  |9 20 
072 7 |a 913(4)  |x Geografie Evropy, reálie, cestování  |2 Konspekt  |9 7 
080 |a 796.51  |2 MRF 
080 |a 796.5:625.711.8  |2 MRF 
080 |a 913:338.483.1  |2 MRF 
080 |a 913(437.3-191.2)  |2 MRF 
080 |a (084.3)796.5  |2 MRF 
110 2 |a Kartografie Praha (firma)  |7 kn20010724363  |4 ctg  |4 prt 
245 0 0 |a Českomoravská vrchovina  |h [kartografický dokument] :  |b jih /  |c odpovědný redaktor Ivan Beneš ; zpracovala a vytiskla Kartografie Praha ; technický redaktor Václav Guth ; spolupracovali: A. Majer ... [et al.] ; 2. vyd. recenzovali: M. Pernica, V. Uher ; obálka: J. Vršťala 
246 3 |a Českomoravská vrchovina - jih  |i Název v tiráži: 
250 |a 2. vyd. 
255 |a Měřítko 1:100 000  |c (14°58´01" v.d.--15°41´11" v.d./49°22´27" s.š.--48°58´48" s.š.) 
260 |a Praha :  |b Kartografické nakladatelství,  |c 1970  |f (Kartografie) 
300 |a 1 mapa :  |b barev. ;  |c 44 x 52 cm, složeno na 22 x 11 cm 
490 1 |a Soubor turistických map 1:100 000 ;  |v 7 
500 |a Na rubu stručný vlastivědný text, obálkový titul 
500 |a Další údaje o odpovědnosti: spolupracovali: A. Majer, M. Pernica, J. Buben, M. Filka 
546 |a Legenda česky, anglicky, německy a rusky 
650 0 7 |a pěší turistika  |7 ph124864  |z Česko  |2 czenas 
650 0 7 |a turistické trasy  |7 ph606745  |2 czenas 
650 0 7 |a turistické zajímavosti  |7 ph126800  |2 czenas 
655 7 |a turistické mapy  |7 fd133737  |2 czenas 
651 7 |a Českomoravská vrchovina (Česko)  |7 ge128620  |2 czenas 
700 1 |a Beneš, Ivan  |7 mzk2009535293  |4 pbd 
700 1 |a Guth, Václav  |4 red 
700 1 |a Majer, Alois,  |d 1921-  |7 mzk2002148941  |4 oth 
700 1 |a Pernica, Milan  |7 jk01092577  |4 oth  |4 rev 
700 1 |a Buben, J.  |4 oth 
700 1 |a Filka, M.  |4 oth 
700 1 |a Uher, Vilém,  |c geodet  |4 rev 
700 1 |a Vršťala, Josef,  |d 1928-  |7 xx0175063  |4 bjd 
710 2 |a Kartografické nakladatelství (Praha, Česko)  |4 pbl 
710 2 |a Kartografie Praha (firma)  |7 kn20010724363  |4 prt  |4 ctg 
830 0 |a Soubor turistických map 1:100 000 (Kartografické nakladatelství)  |0 s 
910 |a BOA001  |b Skř.9A-0584.528-70  |b PK-0047.782-70 
920 |a 000566056 
990 |a MP 
996 6 |b 2619016246  |c Skř.9A-0584.528-70  |l MZK  |r Sklad / do 24 hodin  |n 0  |w 000382848  |u 000010  |a 1  |e BOA001  |j MZK50  |s P 
996 6 |b 566056-10  |c PK-0047.782-70  |l MZK  |r Sklad / do 1 hodiny  |n 0  |w 000382848  |u 000020  |a 1  |e BOA001  |j MZK50  |s P